000 00344 a2200157 4500
001 152449
040 _cEscola São Tomás de Aquino
100 _aBANDEIRA, Manuel
240 1 0 _aMeus poemas preferidos
_lpor
245 1 0 _aMeus poemas preferidos
300 _a128
362 0 _a2005
440 1 _aEdiouro
697 _aPoesia
942 _cBK
999 _c152449
_d152449